000 00268 a2200109 4500
001 51145
040 _cAnchieta - Pituba
240 1 0 _aPünktchen Und Anton
_l
245 1 0 _aPünktchen Und Anton
650 4 _aLínguas germânicas (teutônicas) língua alemã
942 _cMX
999 _c51145
_d51145